000 01357nam a2200253 4500
001 113740
003 DR-UNIBE
005 20251009103310.0
008 250606b2023 sp ||||| |||| 00| 0 spa d
020 _a9788430987863
040 _aBIBLIOTECA UNIBE
_cBIBLIOTECA UNIBE
_bspa
041 _aspa
082 _222
_a341 P293c 2023
100 1 _aPastor Ridruejo, José A.
_q(Pastor Ridruejo, José Antonio),
_d1932-
_eautor
_9196225
245 1 0 _aCurso de derecho internacional público y organizaciones internacionales /
_cJosé Antonio Pastor Ridruejo
250 _aVigésima séptima edición
260 _aMadrid :
_bEditorial Tecnos (Grupo Anaya, S. A.),
_c2023
300 _a885 páginas ;
_c25 cm
505 0 _aCapítulo I. El concepto de derecho internacional público | Capítulo II. Las fuentes del derecho internacional | Capítulo III. Las relaciones entre el derecho internacional y los derechos internos | Capítulo IV. El individuo en el derecho internacional | Capítulo V. Los pueblos ante el derecho internacional | Capítulo VI. El Estado | Capítulo VII. Las organizaciones internacionales | Capítulo VIII. La cooperación internacional institucionalizada
650 7 _2lemb
_aDerecho internacional público
650 7 _2lemb
_aOrganismos internacionales
650 7 _2lemb
_aCooperación internacional
942 _2ddc
_cBK-RES
999 _c113740
_d113740